[Event "XV Festival A"]
[Site "Bolzano - Bozen ITA"]
[Date "2000.07.15"]
[Round "1"]
[White "Erschbaumer, Helmut"]
[Black "Voiska, Margarita"]
[WhiteElo "1738"]
[BlackElo "2330"]
[Result "0-1"]
[PlyCount "98"]
[EventDate "2000.07.15"]

1. e4 d5 2. exd5 Nf6 3. d4 Bg4 4. Nf3 Qxd5 5. Nc3 Qf5 6. Be2 Nc6 7. h3 Bxf3 8.
Bxf3 Nb4 9. O-O c6 10. Qe2 Nxc2 11. Ne4 Nxe4 12. Qxc2 Nd6 13. Bxc6+ Kd8 14.
Qxf5 Nxf5 15. Bxb7 Rb8 16. Be4 Nd6 17. Bf3 g6 18. b3 Bg7 19. Be3 Nf5 20. Rad1
Rc8 21. Rd3 Kd7 22. Bg4 Rc2 23. a4 Rb8 24. Rb1 h5 25. Bd1 Rcc8 26. g4 hxg4 27.
hxg4 Nxe3 28. fxe3 Rb4 29. Kf2 f5 30. gxf5 gxf5 31. Bh5 Rc2+ 32. Kf3 Rh2 33.
Bf7 e6 34. d5 Ke7 35. Bxe6 Kf6 36. Rg1 Bf8 37. Bg8 Bd6 38. Be6 Rb2 39. Rh1 Rg4
40. Rh3 Rgg2 41. Bxf5 Ke5 42. Rg3 Rbf2+ 43. Kg4 Rxg3+ 44. Kxg3 Rxf5 45. Kg4 Rf7
46. Rd1 a5 47. Rh1 Kxd5 48. Rh5+ Be5 49. Rg5 Ke4 0-1

[Event "XV Festival A"]
[Site "Bolzano - Bozen ITA"]
[Date "2000.07.15"]
[Round "1"]
[White "Gatterer, Florian"]
[Black "Skembris, Spyridon"]
[WhiteElo "1882"]
[BlackElo "2475"]
[Result "0-1"]
[PlyCount "97"]
[EventDate "2000.07.15"]

1. e4 e5 2. Nf3 Nc6 3. Bc4 Nf6 4. d3 Bc5 5. Bg5 h6 6. Bh4 d6 7. h3 Be6 8. Bb3
g5 9. Bg3 Nh5 10. Nc3 Nf4 11. Bxf4 gxf4 12. Bxe6 fxe6 13. Na4 Rg8 14. O-O Qf6
15. c3 O-O-O 16. b4 Bb6 17. Nxb6+ axb6 18. Kh2 d5 19. Qe2 d4 20. b5 Nb8 21. c4
Nd7 22. a4 Nc5 23. Ra3 Rd7 24. a5 Rdg7 25. Rg1 Kd7 26. axb6 cxb6 27. Qf1 Kd6
28. Qe2 Qg6 29. Kh1 Qh5 30. Kh2 Rg4 31. Qd1 Nd7 32. Ra7 Kc7 33. Qa1 R4g7 34.
Qd1 Nf6 35. Qe2 Rg4 36. Qd1 Rg3 37. Kh1 Ng4 38. Qf1 Rxf3 39. gxf3 Nxf2+ 40.
Qxf2 Qxh3+ 41. Qh2 Qxf3+ 42. Rg2 Rg3 43. Ra8 Rh3 44. Qxh3 Qxh3+ 45. Kg1 Qxd3
46. Rgg8 Qe3+ 47. Kh2 Qe2+ 48. Kh3 Qxe4 49. Rgd8 0-1

[Event "XV Festival A"]
[Site "Bolzano - Bozen ITA"]
[Date "2000.07.15"]
[Round "1"]
[White "Mrdja, Milan"]
[Black "Scharrer, Patrick"]
[WhiteElo "2431"]
[BlackElo "1825"]
[Result "1-0"]
[PlyCount "75"]
[EventDate "2000.07.15"]

1. e4 c5 2. Nf3 Nc6 3. Bb5 g6 4. O-O Bg7 5. Re1 d6 6. Bxc6+ bxc6 7. e5 d5 8. h3
e6 9. d3 Ne7 10. b3 O-O 11. Ba3 f6 12. Bxc5 fxe5 13. Nxe5 Rf5 14. d4 Bxe5 15.
dxe5 Ba6 16. Nd2 g5 17. Nf3 Qf8 18. Nd4 Qf7 19. Bxe7 Qxe7 20. Nxf5 exf5 21. Qf3
Qe6 22. Rad1 Rf8 23. c4 Bb7 24. Qe3 Qe7 25. cxd5 cxd5 26. Qxa7 Ra8 27. Qb6 Rxa2
28. Qf6 Qxf6 29. exf6 Bc6 30. Re7 Ra8 31. Rc1 Be8 32. Rcc7 Bg6 33. b4 Rd8 34.
Red7 Rxd7 35. Rxd7 d4 36. b5 Be8 37. f7+ Bxf7 38. b6 1-0

[Event "XV Festival A"]
[Site "Bolzano - Bozen ITA"]
[Date "2000.07.16"]
[Round "2"]
[White "Pfeufer, Lion"]
[Black "Nikolaidis, Ioannis"]
[WhiteElo "1518"]
[BlackElo "2512"]
[Result "0-1"]
[PlyCount "88"]
[EventDate "2000.07.15"]

1. e4 c5 2. Nc3 a6 3. g3 b5 4. d3 Bb7 5. Bg2 e6 6. f4 Nf6 7. Nf3 Be7 8. O-O O-O
9. Ne2 Nc6 10. c3 c4 11. e5 cxd3 12. Qxd3 Nd5 13. Nfd4 Nxd4 14. Nxd4 d6 15. Be4
g6 16. exd6 Qxd6 17. Be3 Nxe3 18. Qxe3 Bxe4 19. Qxe4 Bf6 20. Rad1 Rad8 21. Kh1
b4 22. Rd3 Qd5 23. Qxd5 Rxd5 24. Rfd1 bxc3 25. bxc3 Rc8 26. Ne2 Ra5 27. R1d2
Rc4 28. Rb2 Rca4 29. Rdd2 Kg7 30. Kg2 g5 31. Kf3 gxf4 32. gxf4 Rh5 33. Kg3 Rc5
34. Rd3 Ra3 35. Rc2 Rc4 36. Kf3 Ra5 37. Ng3 Raa4 38. Ne2 Kg6 39. Rd7 Ra3 40.
Rd3 h5 41. h3 h4 42. Ke3 Rca4 43. Rdd2 e5 44. fxe5 Bg5+ 0-1

[Event "XV Festival A"]
[Site "Bolzano - Bozen ITA"]
[Date "2000.07.16"]
[Round "2"]
[White "Scharrer, Patrick"]
[Black "Kowalczyk, Martin"]
[WhiteElo "1825"]
[BlackElo "2120"]
[Result "1-0"]
[PlyCount "95"]
[EventDate "2000.07.15"]

1. e4 d6 2. d4 Nf6 3. Nc3 g6 4. f3 c6 5. Be3 Bg7 6. Qd2 b5 7. O-O-O Qa5 8. Kb1
Nbd7 9. g4 Nb6 10. b3 Qb4 11. Nce2 Qxd2 12. Rxd2 a5 13. Nf4 Ba6 14. h4 h5 15.
gxh5 Nxh5 16. Nge2 Bh6 17. Ng2 Bxe3 18. Nxe3 b4 19. Ng2 Kd7 20. Rd1 Bxe2 21.
Bxe2 Ng3 22. Rhe1 Nxe2 23. Rxe2 Rag8 24. f4 f5 25. Rde1 fxe4 26. Rxe4 Nd5 27.
Re6 Rg7 28. Kb2 Rf8 29. R6e4 Rf6 30. a3 Rgf7 31. axb4 axb4 32. Ra1 Nxf4 33.
Ra7+ Kd8 34. Nxf4 Rxf4 35. Ra8+ Kd7 36. Ra7+ Kd8 37. Ra8+ Kc7 38. Ra7+ Kb6 39.
Raxe7 Rxe7 40. Rxf4 Kc7 41. Kc1 Re6 42. Kd2 Kb6 43. d5 cxd5 44. Rxb4+ Kc5 45.
Rg4 Re4 46. Rxe4 dxe4 47. Ke3 d5 48. c4 1-0

[Event "XV Festival A"]
[Site "Bolzano - Bozen ITA"]
[Date "2000.07.16"]
[Round "2"]
[White "Trabert, Bettina"]
[Black "Gatterer, Florian"]
[WhiteElo "2259"]
[BlackElo "1882"]
[Result "1-0"]
[PlyCount "23"]
[EventDate "2000.07.15"]

1. e4 e6 2. d4 d5 3. Nd2 dxe4 4. Nxe4 Nf6 5. Nxf6+ Qxf6 6. Nf3 h6 7. Bd3 Be7 8.
O-O O-O 9. Qe2 Bd6 10. Qe4 Qf5 11. Qh4 Qf6 12. Bg5 1-0

[Event "XV Festival A"]
[Site "Bolzano - Bozen ITA"]
[Date "2000.07.16"]
[Round "3"]
[White "Gatterer, Florian"]
[Black "Rossi, Giampiero"]
[WhiteElo "1882"]
[BlackElo "2101"]
[Result "1-0"]
[PlyCount "55"]
[EventDate "2000.07.15"]

1. e4 c5 2. Nf3 e6 3. d4 cxd4 4. Nxd4 a6 5. Bd3 Nc6 6. Nxc6 dxc6 7. Be3 e5 8.
O-O Nf6 9. h3 Bd6 10. Nd2 Be6 11. Kh1 O-O 12. Qe2 Qe7 13. f4 exf4 14. Bxf4 Bxf4
15. Rxf4 Rad8 16. Raf1 Rfe8 17. Rh4 h6 18. Rhf4 Rd7 19. a3 Qc5 20. e5 Bd5 21.
Rxf6 Rxe5 22. Qg4 Rg5 23. Qxd7 Bxg2+ 24. Kh2 gxf6 25. Qd8+ Qf8 26. Qxf8+ Kxf8
27. Rxf6 Bd5 28. Be4 1-0

[Event "XV Festival A"]
[Site "Bolzano - Bozen ITA"]
[Date "2000.07.16"]
[Round "3"]
[White "Luban, Peter"]
[Black "Pfeufer, Lion"]
[WhiteElo "2131"]
[BlackElo "1518"]
[Result "1/2-1/2"]
[PlyCount "40"]
[EventDate "2000.07.15"]

1. e4 c5 2. f4 Nc6 3. Nc3 d6 4. g3 g6 5. Bg2 Bg7 6. Nf3 e6 7. d3 Nge7 8. O-O
O-O 9. Rb1 a6 10. Be3 b5 11. Ne2 Bb7 12. c3 Qc7 13. Qc2 f5 14. Ng5 Qd7 15. h3
h6 16. Nf3 e5 17. Rbd1 Rac8 18. Kh2 Kh7 19. Rd2 Qe6 20. b3 Rfd8 1/2-1/2

[Event "XV Festival A"]
[Site "Bolzano - Bozen ITA"]
[Date "2000.07.16"]
[Round "3"]
[White "Ruzzier, Dario"]
[Black "Erschbaumer, Helmut"]
[WhiteElo "2080"]
[BlackElo "1738"]
[Result "0-1"]
[PlyCount "72"]
[EventDate "2000.07.15"]

1. d4 Nf6 2. c4 g6 3. Nc3 Bg7 4. e4 O-O 5. Nf3 d6 6. Be2 e5 7. O-O Nc6 8. d5
Ne7 9. Ne1 Nd7 10. Nd3 f5 11. f3 Nf6 12. Be3 f4 13. Bf2 g5 14. c5 Ng6 15. Rc1
Rf7 16. cxd6 cxd6 17. Nb5 g4 18. Qc2 g3 19. hxg3 fxg3 20. Bxg3 Qb6+ 21. Nf2 Bh6
22. Rcd1 Nh5 23. Bh2 Ngf4 24. Kh1 Rg7 25. Ng4 Bxg4 26. fxg4 Nxe2 27. Qxe2 Nf4
28. Qc4 Rxg4 29. g3 Nh5 30. Rf3 a6 31. Nc3 Kh8 32. Qf1 Rg6 33. Qh3 Nf6 34. Rdf1
Ng4 35. b3 Bg7 36. Nd1 Nxh2 0-1

[Event "XV Festival A"]
[Site "Bolzano - Bozen ITA"]
[Date "2000.07.16"]
[Round "3"]
[White "Scharrer, Patrick"]
[Black "Trabert, Bettina"]
[WhiteElo "1825"]
[BlackElo "2259"]
[Result "0-1"]
[PlyCount "86"]
[EventDate "2000.07.15"]

1. e4 e5 2. Nf3 Nc6 3. Bc4 Bc5 4. c3 Nf6 5. d4 exd4 6. cxd4 Bb4+ 7. Nc3 Nxe4 8.
O-O Bxc3 9. d5 Bf6 10. Re1 Ne7 11. Rxe4 d6 12. Bg5 Bxg5 13. Nxg5 h6 14. Qe2
hxg5 15. Re1 Be6 16. Re3 Kf8 17. dxe6 f6 18. Bd3 d5 19. Rh3 Rxh3 20. gxh3 g6
21. h4 gxh4 22. Qg4 Kg7 23. Qxh4 Qd6 24. Qg4 c5 25. Re3 f5 26. Qg2 Rh8 27. Rg3
Qxe6 28. Re3 Qf6 29. h3 b6 30. Qh2 f4 31. Re1 Rh5 32. Kh1 c4 33. Bc2 Re5 34.
Qg1 Qe6 35. Rxe5 Qxe5 36. Qc1 d4 37. Qd2 d3 38. Bd1 Nf5 39. b3 b5 40. Kg1 Nh4
41. Bg4 Qe4 42. Qc3+ Kh7 43. f3 Qe3+ 0-1

[Event "XV Festival A"]
[Site "Bolzano - Bozen ITA"]
[Date "2000.07.17"]
[Round "4"]
[White "Erschbaumer, Helmut"]
[Black "Bertagnolli, Alexander"]
[WhiteElo "1738"]
[BlackElo "2196"]
[Result "1-0"]
[PlyCount "121"]
[EventDate "2000.07.15"]

1. e4 g6 2. d4 Bg7 3. f4 d5 4. e5 h5 5. Nf3 Bg4 6. Be2 Nh6 7. O-O Nf5 8. h3
Bxf3 9. Bxf3 e6 10. c4 c6 11. cxd5 cxd5 12. Nc3 Nc6 13. Ne2 Qb6 14. Qa4 Nfxd4
15. Kh1 Nf5 16. Rb1 Qa6 17. Qxa6 bxa6 18. Bd2 g5 19. g3 h4 20. Rfc1 Kd7 21. g4
Ng3+ 22. Kg2 gxf4 23. Nxf4 Bxe5 24. Nxd5 exd5 25. Bxd5 Rac8 26. Bxf7 Rhf8 27.
Bg6 Bd4 28. Be1 Ne7 29. Rxc8 Rxc8 30. Rd1 Nxg6 31. Rxd4+ Ke6 32. Bxg3 Rc2+ 33.
Bf2 Ke5 34. Ra4 Rd2 35. Kf3 Kd5 36. Ra5+ Kc4 37. Rc5+ Kb4 38. Be1 Kxc5 39. Bxd2
Kd5 40. Bf4 a5 41. b3 a4 42. bxa4 a6 43. g5 Kd4 44. Kg4 Kd3 45. Kf5 Ne7+ 46.
Kf6 Nd5+ 47. Ke5 Ne7 48. Bc1 Ke2 49. Ba3 Ng6+ 50. Kf6 Nf4 51. g6 Kf3 52. g7
Nh5+ 53. Kg6 Nxg7 54. Kxg7 Kg3 55. Kf6 Kxh3 56. Ke6 Kg4 57. Kd5 Kf5 58. Bd6 h3
59. Bh2 a5 60. Kc5 Ke6 61. Kb5 1-0

[Event "XV Festival A"]
[Site "Bolzano - Bozen ITA"]
[Date "2000.07.17"]
[Round "4"]
[White "Luban, Peter"]
[Black "Gatterer, Florian"]
[WhiteElo "2131"]
[BlackElo "1882"]
[Result "0-1"]
[PlyCount "88"]
[EventDate "2000.07.15"]

1. e4 e6 2. d4 d5 3. e5 c5 4. c3 Nc6 5. Nf3 cxd4 6. cxd4 Qb6 7. a3 Bd7 8. Be2
Nge7 9. b4 Nf5 10. Bb2 Be7 11. O-O a6 12. g4 Nh4 13. Nbd2 Nxf3+ 14. Nxf3 O-O
15. Qd2 Na7 16. Rfc1 Rac8 17. Rc5 Bxc5 18. dxc5 Qd8 19. g5 Bb5 20. Bxb5 Nxb5
21. Nd4 b6 22. Nxb5 axb5 23. Bd4 bxc5 24. Bxc5 Re8 25. Qf4 Ra8 26. h4 Ra4 27.
h5 Qc8 28. g6 hxg6 29. hxg6 fxg6 30. Qg5 Qd7 31. Qxg6 Qf7 32. Qd3 Rea8 33. Kg2
Qh5 34. Qg3 Qf5 35. f4 Kf7 36. Qh4 Rxa3 37. Qe7+ Kg8 38. Rxa3 Rxa3 39. Qd8+ Kf7
40. Qh4 Qc2+ 41. Bf2 Qe4+ 42. Kh2 Qf3 43. Qg3 Qxg3+ 44. Bxg3 Kg6 0-1

[Event "XV Festival A"]
[Site "Bolzano - Bozen ITA"]
[Date "2000.07.17"]
[Round "4"]
[White "Pfeufer, Lion"]
[Black "De Eccher, Stefano"]
[WhiteElo "1518"]
[BlackElo "2256"]
[Result "0-1"]
[PlyCount "92"]
[EventDate "2000.07.15"]

1. e4 c5 2. Nc3 Nc6 3. g3 g6 4. Bg2 Bg7 5. f4 d6 6. d3 e6 7. Nf3 Nge7 8. O-O
O-O 9. Ne2 Rb8 10. c3 b6 11. Qc2 Ba6 12. Be3 d5 13. exd5 exd5 14. Bf2 Re8 15.
Rfe1 Nf5 16. Qd2 d4 17. Rad1 Ne3 18. Bxe3 Rxe3 19. Nc1 Rxe1+ 20. Rxe1 c4 21.
dxc4 dxc3 22. bxc3 Qxd2 23. Nxd2 Bxc3 24. Bxc6 Bxd2 25. Rd1 Be3+ 26. Kg2 Bxc4
27. Nb3 Rc8 28. Be4 Be6 29. Kf3 Rc3 30. Rd3 Rxd3 31. Bxd3 Bg1 32. Kg2 Be3 33.
Kf3 Bg1 34. Kg2 Bc5 35. Nxc5 bxc5 36. a3 Kf8 37. Kf3 Ke7 38. Be4 Kd6 39. Ke3
Bd5 40. Bxd5 Kxd5 41. Kd3 c4+ 42. Kc3 Kc5 43. Kc2 Kd4 44. Kd2 c3+ 45. Kc2 Kc4
46. a4 a5 0-1

[Event "XV Festival A"]
[Site "Bolzano - Bozen ITA"]
[Date "2000.07.17"]
[Round "4"]
[White "Rossi, Giampiero"]
[Black "Scharrer, Patrick"]
[WhiteElo "2101"]
[BlackElo "1825"]
[Result "1/2-1/2"]
[PlyCount "104"]
[EventDate "2000.07.15"]

1. d4 Nf6 2. c4 g6 3. g3 Bg7 4. Bg2 O-O 5. Nc3 d6 6. Nf3 Nc6 7. O-O e5 8. dxe5
Nxe5 9. Nxe5 dxe5 10. Bg5 Qxd1 11. Rfxd1 c6 12. h3 Be6 13. Rac1 h6 14. Bxf6
Bxf6 15. Ne4 Be7 16. b3 Rfd8 17. e3 f5 18. Nc3 Rxd1+ 19. Rxd1 Rd8 20. Rxd8+
Bxd8 21. Kf1 Ba5 22. Na4 Bb4 23. Ke2 Kf8 24. Nb2 e4 25. f3 Ba3 26. Nd1 exf3+
27. Bxf3 Bd6 28. g4 Ke7 29. Nf2 Kf6 30. gxf5 Bxf5 31. Be4 Ke5 32. Kf3 Bxe4+ 33.
Nxe4 Be7 34. Nf2 h5 35. Nd3+ Kf6 36. Ke4 g5 37. b4 Bd6 38. c5 Bc7 39. a3 Ke6
40. Nb2 g4 41. hxg4 hxg4 42. Nc4 g3 43. Kf3 Kd5 44. Nd6 Bxd6 45. cxd6 Kxd6 46.
Kxg3 Ke5 47. Kf3 b6 48. Ke2 Ke4 49. Kd2 c5 50. bxc5 bxc5 51. Kc3 Kxe3 52. Kc4
Ke4 1/2-1/2

[Event "XV Festival A"]
[Site "Bolzano - Bozen ITA"]
[Date "2000.07.18"]
[Round "5"]
[White "De Eccher, Stefano"]
[Black "Erschbaumer, Helmut"]
[WhiteElo "2256"]
[BlackElo "1738"]
[Result "1-0"]
[PlyCount "67"]
[EventDate "2000.07.15"]

1. e4 e5 2. Nf3 Nc6 3. Nc3 Nf6 4. d4 exd4 5. Nd5 Nxd5 6. exd5 Bb4+ 7. Bd2 Qe7+
8. Qe2 Bxd2+ 9. Kxd2 O-O 10. dxc6 Qb4+ 11. Kc1 bxc6 12. Qe4 d5 13. Qxd4 Qd6 14.
Bd3 Re8 15. Qh4 h6 16. Re1 Rxe1+ 17. Nxe1 Rb8 18. c3 c5 19. Nf3 c4 20. Bc2 c5
21. b3 Ba6 22. Qg3 Qd8 23. Ne5 Rc8 24. Qf4 Qe7 25. Qf5 g6 26. Nxg6 fxg6 27.
Qxg6+ Qg7 28. Qxa6 Re8 29. Kb2 cxb3 30. axb3 d4 31. Qc4+ Kh8 32. Qxc5 Rd8 33.
Rxa7 dxc3+ 34. Qxc3 1-0

[Event "XV Festival A"]
[Site "Bolzano - Bozen ITA"]
[Date "2000.07.18"]
[Round "5"]
[White "Gatterer, Florian"]
[Black "Baquero, Luis A."]
[WhiteElo "1882"]
[BlackElo "2303"]
[Result "0-1"]
[PlyCount "132"]
[EventDate "2000.07.15"]

1. e4 e6 2. d4 d5 3. Nd2 c5 4. exd5 exd5 5. Ngf3 Nc6 6. dxc5 Bxc5 7. Nb3 Bd6 8.
Bd3 Bg4 9. O-O Nge7 10. Re1 Qc7 11. h3 Bh5 12. c3 Rd8 13. Be3 a6 14. a4 Bxf3
15. Qxf3 Ne5 16. Qd1 Nxd3 17. Qxd3 O-O 18. Nd4 Qd7 19. Bg5 h6 20. Bh4 Rfe8 21.
Re2 Rc8 22. Bxe7 Rxe7 23. Rxe7 Bxe7 24. Nf5 Bf6 25. Qf3 Qe6 26. Qg4 Kh7 27. Nd6
Qxg4 28. hxg4 Rc6 29. Nf5 g6 30. Ne3 d4 31. Nd5 dxc3 32. Nxf6+ Rxf6 33. bxc3
Rc6 34. Rb1 b6 35. f3 a5 36. Kf2 Rxc3 37. Rxb6 Rc4 38. g5 hxg5 39. Rb5 Rxa4 40.
Rxg5 f5 41. Rg3 Ra2+ 42. Kg1 Rb2 43. f4 a4 44. Ra3 Rb4 45. g3 Kh6 46. Kg2 Kh5
47. Kh3 g5 48. fxg5 Kxg5 49. Rc3 Rb8 50. Rc5 Rh8+ 51. Kg2 Ra8 52. Rc2 Kf6 53.
Kf3 Ke5 54. Rc5+ Kd4 55. Rc2 a3 56. Ra2 Kc4 57. Kf4 Ra5 58. Kg5 Kb3 59. Rf2 a2
60. Rf1 a1=Q 61. Rxa1 Rxa1 62. Kxf5 Kc4 63. g4 Kd5 64. g5 Rf1+ 65. Kg6 Ke6 66.
Kh7 Kf5 0-1

[Event "XV Festival A"]
[Site "Bolzano - Bozen ITA"]
[Date "2000.07.18"]
[Round "5"]
[White "Kowalczyk, Martin"]
[Black "Pfeufer, Lion"]
[WhiteElo "2120"]
[BlackElo "1518"]
[Result "1-0"]
[PlyCount "57"]
[EventDate "2000.07.15"]

1. e4 c5 2. Nf3 Nc6 3. Bb5 d6 4. d4 cxd4 5. Qxd4 Bd7 6. Bxc6 Bxc6 7. Nc3 Nf6 8.
Bg5 e6 9. O-O-O Be7 10. Rhe1 Qc7 11. Kb1 a6 12. Qd2 b5 13. Nd4 Bb7 14. f3 Rc8
15. g4 b4 16. Nce2 e5 17. Nf5 Bxe4 18. Nxg7+ Kf8 19. fxe4 Nxe4 20. Bxe7+ Kxg7
21. Qd3 Nf2 22. Qf5 Qxe7 23. Qxf2 Qc7 24. Ng3 Rhd8 25. Nh5+ Kg8 26. Qf5 Qe7 27.
Nf6+ Kf8 28. Qg5 Qe6 29. Nxh7+ 1-0

[Event "XV Festival A"]
[Site "Bolzano - Bozen ITA"]
[Date "2000.07.18"]
[Round "5"]
[White "Scharrer, Patrick"]
[Black "Mukic, Josko"]
[WhiteElo "1825"]
[BlackElo "2278"]
[Result "1/2-1/2"]
[PlyCount "46"]
[EventDate "2000.07.15"]

1. e4 e5 2. Nf3 f5 3. Nxe5 Qf6 4. d4 d6 5. Nc4 fxe4 6. Nc3 Qg6 7. Ne3 c6 8. d5
Nf6 9. Be2 Be7 10. f3 O-O 11. O-O Nbd7 12. fxe4 Nxe4 13. Rxf8+ Bxf8 14. Nxe4
Qxe4 15. Bf3 Qa4 16. b3 Qa6 17. dxc6 bxc6 18. Nc4 Nf6 19. Nxd6 Qb6+ 20. Kh1 Ba6
21. Nf5 Rd8 22. Qg1 Qa5 23. Ng3 Qc3 1/2-1/2

[Event "XV Festival A"]
[Site "Bolzano - Bozen ITA"]
[Date "2000.07.19"]
[Round "6"]
[White "Astengo, Marcello"]
[Black "Gatterer, Florian"]
[WhiteElo "2060"]
[BlackElo "1882"]
[Result "0-1"]
[PlyCount "92"]
[EventDate "2000.07.15"]

1. d4 Nf6 2. c4 g6 3. d5 Bg7 4. Nc3 d6 5. e4 O-O 6. Bd3 c5 7. Nge2 e6 8. O-O
exd5 9. cxd5 a6 10. Bg5 Qb6 11. Qd2 Ng4 12. Rac1 Nd7 13. Bb1 Nde5 14. Na4 Qc7
15. f3 Nf6 16. f4 Ned7 17. Kh1 b5 18. Nac3 Re8 19. Ng3 Bb7 20. Rce1 b4 21. Na4
a5 22. b3 Nb6 23. Nb2 a4 24. Rc1 axb3 25. axb3 Qd7 26. Nc4 Nxc4 27. bxc4 h6 28.
e5 Nh7 29. e6 Qc7 30. Bh4 Ra3 31. exf7+ Qxf7 32. Ne4 Ra6 33. Bg3 Nf6 34. Rce1
Nxe4 35. Bxe4 Bc3 36. Qc2 Kg7 37. Re2 Bc8 38. Be1 Bd4 39. h3 Ra1 40. Kh2 Bf5
41. Bxf5 gxf5 42. Qd3 Rxe2 43. Qxe2 b3 44. Bf2 Rxf1 45. Bxd4+ cxd4 46. Qxf1 b2
0-1

[Event "XV Festival A"]
[Site "Bolzano - Bozen ITA"]
[Date "2000.07.19"]
[Round "6"]
[White "Pfeufer, Lion"]
[Black "Ruzzier, Dario"]
[WhiteElo "1518"]
[BlackElo "2080"]
[Result "0-1"]
[PlyCount "98"]
[EventDate "2000.07.15"]

1. e4 e5 2. Nf3 Nc6 3. Bc4 Bc5 4. c3 d6 5. d4 exd4 6. cxd4 Bb6 7. Nc3 Nf6 8.
O-O Bg4 9. Be3 O-O 10. Qd2 Nxe4 11. Nxe4 d5 12. Bxd5 Qxd5 13. Nc3 Qh5 14. Ne1
Rad8 15. Nc2 Rfe8 16. d5 Ne5 17. Bxb6 axb6 18. Qd4 Rd6 19. f4 Nd7 20. Ne3 Rh6
21. Nxg4 Qxg4 22. Qf2 Nf6 23. Rae1 Rd8 24. Re5 Rg6 25. Qf3 Kf8 26. Qxg4 Nxg4
27. Re4 Rgd6 28. Rc1 R6d7 29. h3 Nf6 30. Re5 Ne8 31. Rce1 Nd6 32. b3 b5 33. a3
Ra8 34. R1e2 f6 35. R5e3 Rxa3 36. Rb2 Re7 37. Rxe7 Kxe7 38. Kf2 b4 39. Ne2 Nb5
40. Ke3 Kd6 41. Nd4 Nc3 42. Nf5+ Kc5 43. Kd3 g6 44. Nd4 Ra1 45. Ne6+ Kd6 46.
Kc4 Nxd5 47. Nf8 Rc1+ 48. Kd4 c5+ 49. Ke4 f5+ 0-1

[Event "XV Festival A"]
[Site "Bolzano - Bozen ITA"]
[Date "2000.07.19"]
[Round "6"]
[White "Schacher, Gerd"]
[Black "Scharrer, Patrick"]
[WhiteElo "2245"]
[BlackElo "1825"]
[Result "1-0"]
[PlyCount "81"]
[EventDate "2000.07.15"]

1. c4 Nf6 2. Nc3 g6 3. e4 d6 4. d4 Bg7 5. f3 O-O 6. Be3 Nc6 7. Nge2 a6 8. Qd2
Rb8 9. h4 b5 10. h5 e5 11. d5 Ne7 12. c5 Nd7 13. hxg6 fxg6 14. c6 Nb6 15. b3 b4
16. Nd1 a5 17. a3 Ba6 18. axb4 Bxe2 19. Bxe2 axb4 20. Nb2 Ra8 21. O-O Rb8 22.
Ba6 Nec8 23. Bxc8 Qxc8 24. Qxb4 h5 25. Qd2 Bf6 26. Na4 Nxa4 27. bxa4 Qa6 28. a5
Rb3 29. Rfb1 Rfb8 30. Rxb3 Rxb3 31. Qe1 Kh7 32. Qf1 Rb5 33. Kh2 Bg7 34. Rb1
Rxa5 35. Qxa6 Rxa6 36. Rb7 Ra3 37. Bg5 Rc3 38. Rxc7 Kg8 39. Rd7 Bf8 40. c7 Rc2
41. Be7 1-0

[Event "XV Festival A"]
[Site "Bolzano - Bozen ITA"]
[Date "2000.07.20"]
[Round "7"]
[White "Gatterer, Florian"]
[Black "Ortega, Lexy"]
[WhiteElo "1882"]
[BlackElo "2491"]
[Result "1/2-1/2"]
[PlyCount "117"]
[EventDate "2000.07.15"]

1. e4 c5 2. Nf3 d6 3. d4 cxd4 4. Nxd4 Nf6 5. Nc3 a6 6. Be3 e6 7. f3 b5 8. Qd2
Nbd7 9. O-O-O Bb7 10. g4 h6 11. h4 b4 12. Nce2 d5 13. Bh3 g5 14. hxg5 hxg5 15.
e5 Nxe5 16. Bxg5 Rg8 17. Ng3 Nc4 18. Qf4 Bd6 19. Qxf6 Qxf6 20. Bxf6 Bxg3 21. g5
Kd7 22. Ne2 Bf2 23. f4 Be3+ 24. Kb1 Nd2+ 25. Ka1 Ne4 26. Bd4 Bxd4 27. Rxd4 a5
28. Bg2 Ke7 29. Bxe4 dxe4 30. Rhd1 Rgd8 31. Rxd8 Rxd8 32. Rxd8 Kxd8 33. Kb1 e3
34. Kc1 Kd7 35. Kd1 Kd6 36. Ng3 Bf3+ 37. Ke1 a4 38. a3 bxa3 39. bxa3 Kd5 40. f5
Ke5 41. g6 fxg6 42. fxg6 Kf6 43. g7 Kxg7 44. Nf1 e2 45. Ng3 Kf6 46. Nxe2 Bxe2
47. Kxe2 Ke5 48. Kd3 Kd5 49. c4+ Kc6 50. Kd4 Kd6 51. c5+ Kc6 52. Ke5 Kxc5 53.
Kxe6 Kd4 54. Kd6 Kc4 55. Ke5 Kd3 56. Kd5 Kc3 57. Kc5 Kb3 58. Kd4 Kxa3 59. Kc3
1/2-1/2

[Event "XV Festival A"]
[Site "Bolzano - Bozen ITA"]
[Date "2000.07.20"]
[Round "7"]
[White "Kowalczyk, Martin"]
[Black "Erschbaumer, Helmut"]
[WhiteElo "2120"]
[BlackElo "1738"]
[Result "0-1"]
[PlyCount "48"]
[EventDate "2000.07.15"]

1. e4 e5 2. Nf3 Nc6 3. Bb5 a6 4. Bxc6 dxc6 5. O-O Bg4 6. h3 h5 7. d3 Qf6 8.
Nbd2 Ne7 9. Nc4 Bxf3 10. Qxf3 Qxf3 11. gxf3 Ng6 12. Be3 c5 13. a4 Bd6 14. Kh2
f6 15. Na5 b6 16. Nb3 Nh4 17. Kg3 g5 18. a5 Kd7 19. Ra2 Kc6 20. Rfa1 b5 21. c3
Rag8 22. Nd2 f5 23. exf5 e4+ 24. f4 gxf4+ 0-1

[Event "XV Festival A"]
[Site "Bolzano - Bozen ITA"]
[Date "2000.07.20"]
[Round "7"]
[White "Rossi, Giampiero"]
[Black "Pfeufer, Lion"]
[WhiteElo "2101"]
[BlackElo "1518"]
[Result "1/2-1/2"]
[PlyCount "186"]
[EventDate "2000.07.15"]

1. d4 Nf6 2. c4 g6 3. g3 Bg7 4. Bg2 d6 5. Nc3 O-O 6. Nf3 Nbd7 7. O-O e5 8. Qc2
c6 9. Rd1 Qe7 10. b3 exd4 11. Nxd4 a5 12. Bb2 Re8 13. e3 Nc5 14. h3 Bd7 15. Rd2
Nce4 16. Nxe4 Nxe4 17. Bxe4 Qxe4 18. Qxe4 Rxe4 19. Kh2 a4 20. Rad1 axb3 21.
axb3 Ra2 22. Bc3 Rxd2 23. Rxd2 Kf8 24. Ne2 Bxc3 25. Nxc3 Re6 26. Kg2 Ke7 27. e4
f5 28. exf5 gxf5 29. Re2 Kf6 30. f4 Rxe2+ 31. Nxe2 Be6 32. Nc3 h5 33. Kf3 Kg6
34. Ke3 Kf6 35. Kd3 Kg6 36. b4 Kf6 37. Kd4 Bd7 38. Nd1 Ke6 39. Ne3 b6 40. c5
bxc5+ 41. bxc5 d5 42. Kc3 Be8 43. Nc2 Kf6 44. Nd4 Bd7 45. Kb4 Ke7 46. Ka5 Kd8
47. Kb6 Kc8 48. h4 Kb8 49. Nf3 Be8 50. Ne5 Kc8 51. Ka5 Kc7 52. Kb4 Kd8 53. Kc3
Ke7 54. Kd4 Kf6 55. Nd3 Ke6 56. Nb4 Bd7 57. Nc2 Be8 58. Kc3 Bd7 59. Kb4 Ke7 60.
Ka5 Kd8 61. Kb6 Kc8 62. Nd4 Kb8 63. Nc2 Be8 64. Ka5 Kc7 65. Kb4 Kd8 66. Ne3 Bd7
67. Kc3 Ke7 68. Kd4 Ke6 69. Nd1 Kf6 70. Nc3 Ke6 71. Na4 Be8 72. Nb6 Kf6 73. Nc8
Bd7 74. Nd6 Ke6 75. Kc3 Kf6 76. Kb4 Ke6 77. Kc3 Kf6 78. Nb7 Be8 79. Na5 Bd7 80.
Nb3 Ke6 81. Nd2 Be8 82. Nf3 Kf6 83. Kb4 Ke7 84. Ka5 Kd8 85. Kb6 Kc8 86. Nd4 Bd7
87. Nf3 Be8 88. Ng5 Bd7 89. Ka5 Kc7 90. Nh7 Be8 91. Kb4 Kd8 92. Kc3 Ke7 93. Kd4
Ke6 1/2-1/2

[Event "XV Festival A"]
[Site "Bolzano - Bozen ITA"]
[Date "2000.07.20"]
[Round "7"]
[White "Ruzzier, Dario"]
[Black "Scharrer, Patrick"]
[WhiteElo "2080"]
[BlackElo "1825"]
[Result "0-1"]
[PlyCount "88"]
[EventDate "2000.07.15"]

1. d4 Nf6 2. c4 g6 3. Nc3 Bg7 4. e4 d6 5. f3 O-O 6. Be3 Nc6 7. Nge2 a6 8. Qd2
Rb8 9. g4 b5 10. Ng3 bxc4 11. Bxc4 e5 12. Nce2 exd4 13. Nxd4 Ne5 14. Be2 c5 15.
Nb3 Qb6 16. O-O Be6 17. Rac1 Bxb3 18. axb3 Qxb3 19. g5 Nfd7 20. f4 Nc6 21. Bc4
Qxb2 22. Qxd6 Bd4 23. Bxd4 Qxd4+ 24. Qxd4 Nxd4 25. Bxa6 Rb2 26. Rf2 Rfb8 27. h4
R8b3 28. Rxb2 Rxb2 29. Rf1 Nb6 30. h5 c4 31. hxg6 hxg6 32. f5 c3 33. Rc1 c2 34.
Bd3 Rb3 35. Bxc2 Rxg3+ 36. Kf2 Rc3 37. fxg6 fxg6 38. Rb1 Rxc2+ 39. Ke3 Ne6 40.
Rxb6 Kf7 41. Rb7+ Rc7 42. Rb5 Rc3+ 43. Kf2 Rc5 44. Rb7+ Ke8 0-1

[Event "XV Festival A"]
[Site "Bolzano - Bozen ITA"]
[Date "2000.07.21"]
[Round "8"]
[White "Astengo, Marcello"]
[Black "Pfeufer, Lion"]
[WhiteElo "2060"]
[BlackElo "1518"]
[Result "1-0"]
[PlyCount "83"]
[EventDate "2000.07.15"]

1. d4 Nf6 2. c4 g6 3. d5 d6 4. Nc3 e5 5. e4 Bg7 6. Be2 O-O 7. g4 Ne8 8. g5 f5
9. gxf6 Qxf6 10. Be3 a5 11. Qd2 Na6 12. O-O-O Nc5 13. h4 Qf7 14. h5 Nf6 15. h6
Bh8 16. Rh4 Bd7 17. Nf3 Qe8 18. Rg1 Rb8 19. Ng5 b6 20. Rh2 Na4 21. Nd1 Nc5 22.
f3 a4 23. Nc3 Ra8 24. Kb1 a3 25. b3 Na6 26. Rhg2 Nb4 27. Nb5 Na6 28. Nxa3 Nc5
29. Nb5 Bxb5 30. cxb5 Ra7 31. Bc4 Nh5 32. b4 Nd7 33. Ne6 Rf7 34. Rh2 Nhf6 35.
Bg5 Nf8 36. Rf2 N6d7 37. Rgf1 Bf6 38. Bxf6 Nxf6 39. Qd3 Qa8 40. f4 Ra3 41. Qc2
Nxe4 42. Qxe4 1-0